| 000 | 00880cam a22002775a 4500 | ||
|---|---|---|---|
| 001 | L160047 | ||
| 008 | 180426s2018 xxk f 000 0 eng d | ||
| 020 | _a9781859468289 | ||
| 035 | _a(Sirsi) u160047 | ||
| 041 | 0 | _aeng | |
| 050 | 0 | 4 | _aF725.54 |
| 100 | 1 | _aHorn, Michelle | |
| 110 | 2 |
_aHabinteg Housing Association _95173 |
|
| 245 | 0 | 0 | _aWheelchair housing design guide |
| 250 | _a3 ed | ||
| 260 |
_aLondon _bRIBA Publishing _c2018 |
||
| 300 | _aviii, 136p ; 29 cm | ||
| 520 | _aProvides practical advice and design considerations to meet the requirements of the Building Regulations Approved Document M Vol 1, M4(3) Wheelchair user dwellings. | ||
| 590 | _aNTK | ||
| 650 | 2 | 4 | _aACCESSIBLE HOUSING |
| 650 | 2 | 4 | _aWHEELCHAIRS |
| 650 | 2 | 4 | _aBUILDING REGULATIONS APPROVED DOCUMENT M |
| 651 | 4 | _aENGLAND AND WALES | |
| 690 |
_aBuilding control _96222 |
||
| 942 | _n0 | ||
| 999 |
_c116178 _d116178 |
||